Quizzes
Events
Quiz Creation
Community
Videos
Private Events
Remove Ads
Sign In
Join for FREE
Feedback
Dark Mode
Quiz Categories
Sports
Geography
Music
Movies
Television
Just For Fun
Miscellaneous
History
Literature
Language
Science
Gaming
Entertainment
Religion
Holiday
For Kids
Quiz Lab
Recent
Popular Today
Quiz Kudos Today
Editor Picks
Curator Picks
Quizzes by...
Day
Popularity
Type
Ratings
Length
Year
Community
Subscriptions
Recent Discussions
Orange Saloon
Badges
Playlists
Quests
Create
Leaderboards
Showdown
Live 5
Trivia Bingo
Activity
Puzzle Library
Sporcle Events
Private Events
Virtual Trivia
Globe League
Become a Host
Pub Owners
SporcleCon
Opinionation
Our Games
Videos
Blog
Mobile Apps
Partnerships
Remove Ads and Go Orange
Feedback
Music
Pop Music
The Beatles
Song
Album
Lyrics
Bands
Singers
Artist
Clip
Rock
Rap
Classical
Billboard
Country Music
Kpop
Taylor Swift
Music
Pop Music
The Beatles
Song
Album
Lyrics
Bands
Singers
Artist
Clip
Rock
Rap
Classical
Billboard
Country Music
Kpop
Taylor Swift
Random Quiz
Search Sporcle
×
Quiz Lab
Quiz Lab
Music
Musical
Type in answers that appear in a list
Type in answers that appear in a list
Classic
Best Score? Go Orange.
What I've Been Looking For lyrics Stats
Name the High School Musical 'What I've Been Looking For' lyrics
By
szemi0
5m
163 Questions
2,998 Plays
2,998 Plays
2,998 Plays
Comments
Comments
Give Quiz Kudos
Give Quiz Kudos
-
- Ratings
hide this ad
Replay
Link that replays current quiz
Next Quiz
Link to next quiz in quiz playlist
You Got
0%
They Got
Avg Score
91%
Avg Friend Score
Upgrade to see
Score Distribution
Jump to the score distribution portion of the page
Score
0/163
Timer
05:00
0
Plays Today
Lyrics
% Correct
I
98.6%
I
98.6%
I
98.6%
I
98.6%
I
98.6%
I
98.6%
I
98.6%
be
98.6%
be
98.6%
be
98.6%
the
97.5%
a
97.5%
The
97.5%
You
96.9%
you
96.9%
you
96.9%
you
96.9%
you
96.9%
you
96.9%
you
96.9%
you
96.9%
you
96.9%
you
96.9%
you
96.9%
you
96.9%
you
96.9%
to
96.3%
to
96.3%
to
96.3%
to
96.3%
to
96.3%
to
96.3%
to
96.3%
to
96.3%
I've
95.8%
I've
95.8%
I've
95.8%
I've
95.8%
I've
95.8%
I've
95.8%
me
95.7%
me
95.7%
me
95.7%
me
95.7%
me
95.7%
me
95.6%
for
94.7%
for
94.7%
for
94.7%
for
94.7%
do
94.6%
do
94.6%
do
94.6%
do
94.6%
That
94.5%
Lyrics
% Correct
no
94.5%
no
94.5%
that
94.5%
no
94.5%
no
94.5%
that
94.5%
No
94.5%
see
94.3%
what
93.9%
what
93.9%
So
93.8%
So
93.8%
So
93.8%
So
93.8%
So
93.8%
So
93.8%
know
93.5%
know
93.5%
like
93.2%
like
93.2%
like
93.2%
like
93.2%
like
93.2%
like
93.2%
looking
93.1%
looking
93.1%
been
93.1%
been
93.1%
one
92.8%
one
92.8%
want
92.8%
one
92.8%
want
92.8%
This
92.6%
This
92.5%
never
92.5%
never
92.4%
never
92.4%
never
92.4%
was
92.3%
was
92.3%
someone
92.2%
someone
92.2%
someone
92.1%
someone
92.1%
beside
92.1%
beside
92.1%
other
92.1%
other
92.1%
always
91.9%
always
91.9%
were
91.8%
were
91.8%
way
91.2%
way
91.2%
Lyrics
% Correct
had
91.1%
had
91%
had
91%
had
91%
It's
90.8%
couldn't
90.6%
hard
90.3%
feeling's
90.2%
found
90.2%
found
90.2%
found
90.2%
feeling's
90.2%
believe
89.8%
hold
89.7%
good
89.5%
good
89.5%
good
89.5%
good
89.5%
good
89.5%
there
89.4%
alone
89.3%
With
88.8%
Do-do-doo-doo
88.7%
Do-do-doo-doo
88.7%
knows
88.3%
knows
88.3%
finally
88%
finally
88%
But
87.6%
right
86.5%
before
85.9%
before
85.9%
lonely
85%
lonely
85%
as
84.8%
as
84.8%
as
84.8%
as
84.8%
Thought
84.3%
heard
83.2%
seen
82.7%
have
82.1%
say
80.3%
word
80.3%
Don't
80%
lost
78.6%
around
77.8%
having
76%
long
72.8%
I'm
71.5%
loving
69.8%
Woa-ah-ah-oh
68.2%
Woa-ah-ah-oh
68.2%
Quiz Playlist
Details
Report
Send in Message
Add To Playlist
Classic:
Type in answers that appear in a list
Last Updated: Sep 16, 2017
Quiz Scoreboard
CHALLENGE
Sign Up to Join the Scoreboard
Show All
Scores
Hide
Comments
May contain spoilers
Recently Published
Presidents Visiting Landmarks
by Hejman
History
7m
An Introduction to Baseball
by treessimontrees
Sports
5m
Movies - When Are They Set?
by FPL_Elf
Movies
5m
More to Explore
Quiz From the Vault
Featured Blog Post
Where Did the Easter Bunny Come From?
hide this ad
You Might Also Like...
Tags
Lyrics Quiz
Musical Quiz
High School
High School Musical
hsm
Today's Top Quizzes in Music
Browse Music
hide this ad
Today's Top Quizzes in Musical
Browse Musical
Top Contributed Quizzes in Music
1
Taylor Swift All Songs (2024)
2
Guess the Artist- 70s Songs
3
One Thing in Common: Music
4
KPOP LOGIC QUIZ
5
2010s Album by Cover III
6
Taylor Swift Logic Puzzle
7
Guess the Taylor Swift song (Mystery Song)
8
7-to-1: Billboard Hot 100 #1 Hits of 2010s
9
2010s Album by Cover IV
10
2010s Album by Cover V
Explore More
Trending Topics
Anime
Crossword
Harry Potter
Disney
Marvel
Kpop
NBA
The Office
Soccer
Song
Pokémon
NFL
Puzzle
WWE
Country
hide this ad
More By:
szemi0
Quiz
Plays
Rating
Category
Featured
Created
Touch by Little Mix
4,642
5.00
Music
Dec 17, 2016
Little Mix lyrics match
4,245
3.40
Music
Dec 19, 2018
Work this out by HSM
3,490
3.80
Music
May 18, 2016
You Are The Music In Me lyrics
3,277
4.83
Music
Mar 12, 2017
What I've Been Looking For lyrics
2,998
4.50
Music
May 30, 2016
Go to Creator's Profile
Score Distribution
Quiz Creator Spotlight
szemi0
Follow
Send a Message
Quizzes Created
-
Created Quiz Play Count
-
More By This Creator
Popular Quizzes Today
1
Find the Countries of Europe - No Outlines Minefield
2
Find the US States - No Outlines Minefield
3
The Countries of the World
4
Popular People in 1961
5
Find the US States
6
US States
7
Risky Map Clicking: Biggest States A-Z
8
1-10 Letter E Words III
More Music Quizzes
Complete the Elton John album titles
Editor's Pick
Trending Quizzes
Risky Map Clicking: Least Populous States A-Z
1-10 Letter F Words
1-10 Letter G Words
One Thing in Common: United Kingdom
Risky Map Clicking: Next State Alphabetically
Recently Updated
Leaping Animals
pecheneg
Reality TV Shows (A-Z)
bhenderson79
Rickey Henderson's Hall of Fame Teammates
pecheneg
Champions League XIs: Arsenal
pecheneg
Quick Pick: Celebrities in WWE's Hall of Fame
aduchscher
A-Z Keypad Blitz II
pecheneg
Multiple Oscar Actors
pecheneg
Mystery Phrase Blitz: Oscar 'Best Actors'
pecheneg
F. Scott Fitzgerald Novels
LTH
Pick 3 Villains
ddd62291
Trending Topics
Kpop
Harry Potter
Anime
Marvel
Crossword
NBA
Disney
Country
NFL
Pokémon
WWE
Puzzle
Song
The Office
Soccer
Your Account Isn't Verified!
In order to create a playlist on Sporcle, you need to verify the email address you used during registration. Go to your
Sporcle Settings
to finish the process.
Report this User
Report this user for behavior that violates our
Community Guidelines
.
Details:
Send Report
Go to the Sporcle.com Mobile Site →
Comments